000 00675nam a2200229Ia 4500
003 GCL
008 140319s9999 xx 000 0 ara d
040 _aGCL /
_cGCL
082 0 4 _a674.134
_bت خ
100 1 _aشومس، جورج
245 1 0 _aالخشب كمادة اولية /
_cشومس، جورج
700 1 _aوليد عبودى قصير
700 1 _aسليم اسماعيل شهبار
700 1 _aباسم عباس بن على
300 _a325 ص ؛
_c24 سم
490 _a
650 0 4 _aالكيمياء
650 0 4 _aالغابات
650 0 4 _aالخاصية الكهربائية
650 0 4 _aالاخشاب، الغابات
942 _2ddc
_cBK
999 _c38587
_d38587